MARC details
| 000 -LEADER |
| fixed length control field |
02743cam a2200529Ia 4500 |
| 001 - CONTROL NUMBER |
| control field |
ocn775301927 |
| 003 - CONTROL NUMBER IDENTIFIER |
| control field |
TZ-ArACH |
| 005 - DATE AND TIME OF LATEST TRANSACTION |
| control field |
20160705142730.0 |
| 006 - FIXED-LENGTH DATA ELEMENTS--ADDITIONAL MATERIAL CHARACTERISTICS--GENERAL INFORMATION |
| fixed length control field |
m o d |
| 007 - PHYSICAL DESCRIPTION FIXED FIELD--GENERAL INFORMATION |
| fixed length control field |
cr |n|---||||| |
| 008 - FIXED-LENGTH DATA ELEMENTS--GENERAL INFORMATION |
| fixed length control field |
120206s2012 ne o 000 0 eng d |
| 020 ## - INTERNATIONAL STANDARD BOOK NUMBER |
| International Standard Book Number |
9789966187611 |
| 035 ## - SYSTEM CONTROL NUMBER |
| Canceled/invalid control number |
(OCoLC)779881420 |
| -- |
(OCoLC)780034593 |
| -- |
(OCoLC)817060790 |
| 037 ## - SOURCE OF ACQUISITION |
| Stock number |
347084 |
| Source of stock number/acquisition |
MIL |
| 040 ## - CATALOGING SOURCE |
| Language of cataloging |
eng |
| Description conventions |
pn |
| Transcribing agency |
TZ-ArACH |
| 041 ## - LANGUAGE CODE |
| Language code of text/sound track or separate title |
Eng |
| 043 ## - GEOGRAPHIC AREA CODE |
| Geographic area code |
f------ |
| 049 ## - LOCAL HOLDINGS (OCLC) |
| Holding library |
TZAA |
| 050 #4 - LIBRARY OF CONGRESS CALL NUMBER |
| Classification number |
KQE721 |
| Item number |
.S68 |
| 082 04 - DEWEY DECIMAL CLASSIFICATION NUMBER |
| Classification number |
341.2 |
| Edition number |
23 |
| 100 1# - MAIN ENTRY--PERSONAL NAME |
| Personal name |
State of the union |
| 9 (RLIN) |
15446 |
| 245 14 - TITLE STATEMENT |
| Title |
Strengthening the peoples parliament in Africa: a legal & policy analysis of the new Pan-African Parliament Protocol |
| Medium |
[Printed book] : |
| Remainder of title |
a legal & policy analysis of the new Pan-African Parliament Protocol / |
| Statement of responsibility, etc |
edited by Abdulqawi A. Yusuf and Fatsah Ouguergouz. |
| 260 ## - PUBLICATION, DISTRIBUTION, ETC. (IMPRINT) |
| Place of publication, distribution, etc |
Nairobi |
| Name of publisher, distributor, etc |
State of the Union (SOTU) |
| Date of publication, distribution, etc |
2016 |
| 270 ## - ADDRESS |
| Address |
The Atrium, 2nd Floor, Chaka Road |
| City |
Nairobi |
| State or province |
Nairobi |
| Country |
Kenya |
| Postal code |
00100 |
| Telephone number |
+254-20-2820000 |
| Electronic mail address |
info@sotu-africa.org |
| 300 ## - PHYSICAL DESCRIPTION |
| Extent |
x; 48p. |
| Other physical details |
Annexures |
| 505 0# - FORMATTED CONTENTS NOTE |
| Formatted contents note |
1. Introduction<br/>2. Legal analysis of the revised protocol<br/>3. Policy analysis & implications of the revised protocol<br/>4. Opportunities & recommendations for citizen engagement<br/>Annexures |
| 610 20 - SUBJECT ADDED ENTRY--CORPORATE NAME |
| Corporate name or jurisdiction name as entry element |
African Union. |
| 9 (RLIN) |
15447 |
| 610 27 - SUBJECT ADDED ENTRY--CORPORATE NAME |
| Corporate name or jurisdiction name as entry element |
African Union. |
| Source of heading or term |
fast |
| 9 (RLIN) |
15448 |
| 648 #7 - SUBJECT ADDED ENTRY--CHRONOLOGICAL TERM |
| Chronological term |
Since 1960 |
| Source of heading or term |
fast |
| 9 (RLIN) |
18830 |
| 650 #0 - SUBJECT ADDED ENTRY--TOPICAL TERM |
| Topical term or geographic name as entry element |
African cooperation. |
| 9 (RLIN) |
15450 |
| 650 #7 - SUBJECT ADDED ENTRY--TOPICAL TERM |
| Topical term or geographic name as entry element |
Law |
| General subdivision |
International. |
| Source of heading or term |
bisacsh |
| 9 (RLIN) |
15451 |
| 650 #7 - SUBJECT ADDED ENTRY--TOPICAL TERM |
| Topical term or geographic name as entry element |
African cooperation. |
| Source of heading or term |
fast |
| 9 (RLIN) |
15452 |
| 650 #7 - SUBJECT ADDED ENTRY--TOPICAL TERM |
| Topical term or geographic name as entry element |
Political science. |
| Source of heading or term |
fast |
| 9 (RLIN) |
15453 |
| 651 #0 - SUBJECT ADDED ENTRY--GEOGRAPHIC NAME |
| Geographic name |
Africa |
| General subdivision |
Politics and government |
| Chronological subdivision |
1960- |
| 9 (RLIN) |
15454 |
| 651 #7 - SUBJECT ADDED ENTRY--GEOGRAPHIC NAME |
| Geographic name |
Africa. |
| Source of heading or term |
fast |
| 9 (RLIN) |
15455 |
| 653 ## - INDEX TERM--UNCONTROLLED |
| Uncontrolled term |
Donation |
| 700 1# - ADDED ENTRY--PERSONAL NAME |
| Personal name |
Ouguergouz, Fatsah, |
| Dates associated with a name |
1958- |
| 9 (RLIN) |
15456 |
| 776 08 - ADDITIONAL PHYSICAL FORM ENTRY |
| Display text |
Print version: |
| Main entry heading |
Yusuf, Abdulqawi A. |
| Title |
African Union: Legal and Institutional Framework. |
| Place, publisher, and date of publication |
Leiden : BRILL, ©2012 |
| International Standard Book Number |
9789004221000 |
| 856 40 - ELECTRONIC LOCATION AND ACCESS |
| Materials specified |
Ebook Library |
| Uniform Resource Identifier |
<a href="http://public.eblib.com/choice/publicfullrecord.aspx?p=848682">http://public.eblib.com/choice/publicfullrecord.aspx?p=848682</a> |
| 856 40 - ELECTRONIC LOCATION AND ACCESS |
| Materials specified |
EBSCOhost |
| Uniform Resource Identifier |
<a href="http://search.ebscohost.com/login.aspx?direct=true&scope=site&db=nlebk&db=nlabk&AN=432386">http://search.ebscohost.com/login.aspx?direct=true&scope=site&db=nlebk&db=nlabk&AN=432386</a> |
| 856 40 - ELECTRONIC LOCATION AND ACCESS |
| Materials specified |
MyiLibrary |
| Uniform Resource Identifier |
<a href="http://www.myilibrary.com?id=347084">http://www.myilibrary.com?id=347084</a> |
| 856 41 - ELECTRONIC LOCATION AND ACCESS |
| Materials specified |
MyiLibrary, Table of contents |
| Uniform Resource Identifier |
<a href="http://www.myilibrary.com?id=347084&ref=toc">http://www.myilibrary.com?id=347084&ref=toc</a> |
| 942 ## - ADDED ENTRY ELEMENTS (KOHA) |
| Source of classification or shelving scheme |
Library of Congress Classification |
| Koha item type |
Books |